00641nam a2200205Ia 4500952013300000999001700133003000400150005001700154008004100171020001500212040000900227082001800236100002100254245005000275250001200325260003500337300000900372650001200381942004200393 00102ddc40708PHYSICSaMESbMEScPHYd2019-02-20g225.00l0o530.41 MYE/Ip28644r2019-02-20 00:00:00w2019-02-20yBKzGL11R6 c33876d33876OSt20200824112919.0190216s9999||||xx |||||||||||||| ||und|| a8185617953 coclc a530.41bMYE/I aMyers, H P94303 0aIntroductory Solid State Physics /cH P Myers a2nd Ed. bViva Books,c1998,aNew Delhi: a522p aPhysics cBK2ddch530.41iMYE/Ik530.41mMYE/I